000 01041nam a22001937a 4500
005 20260127142700.0
008 230714b ||||| |||| 00| 0 eng d
040 _cSSBUL
_dSSBUL
082 _223
_a၉၅၉.၁၁၆ မြင့် ၁၆၀၃၅ (S-SAT)
100 _aမြင့်မောင်၊
_cဒါရိုက်တာ။
_914675
245 _aအင်းလေး /
_cဒါရိုက်တာ မြင့်မောင်။
260 _aရန်ကုန်၊
_bစာပေဗိမာန်၊
_c၁၉၈၄။
300 _a၁၈၂ စာမျက်နှာ၊
_bဓာတ်ပုံများ၊
_c၁၈ စင်တီ။
440 _aစာပေဗိမာန်ထုတ် ပြည်သူ့လက်စွဲစာစဉ်။
_927865
500 _aS-SAT: Dr. Prof Sai Aung Tun
650 _aအင်းလေးကန်
_zရှမ်းပြည်နယ်။
_927974
650 _aအင်းလေးကန်
_zမြန်မာနိုင်ငံ။
_927975
942 _2ddc
_cBK1
999 _c27198
_d27198